[Event "Malmo op"]
[Site "Malmo"]
[Date "2013.12.14"]
[Round "3"]
[White "Aldebert, Philip"]
[Black "Lindberg, Bengt"]
[Result "0-1"]
[WhiteElo "2034"]
[BlackElo "2386"]
[PlyCount "42"]
[EventDate "2013.12.13"]
[EventType "swiss"]
[EventRounds "7"]
[EventCountry "SWE"]
[SourceTitle "CBM 157 Extra"]
[Source "ChessBase"]
[SourceDate "2013.12.19"]
[SourceVersion "1"]
[SourceVersionDate "2013.12.19"]
[SourceQuality "1"]

1. d4 Nf6 2. c4 e6 3. Nc3 Bb4 4. Qc2 0-0 5. a3 Bxc3+ 6. Qxc3 Qe8 7. Bf4 d6 8. f3 Nc6 9. Bg3 e5 10. d5 Nd4 11. Bf2 Nf5 12. e4 Ne7 13. g4 c5 14. dxc6 Qxc6 15. Bg2 Be6 16. Rc1 Rfc8 17. c5 d5 18. Qxe5 dxe4 19. h3 Ng6 20. Qg3 Bd5 21. Ne2 exf3 0-1